CEO capital (Бичлэгийн дугаар. 145345)
| 000 -УДИРДЛАГА | |
|---|---|
| Удирдлага | 00910nam a22002897a 4500 |
| 003 - ХЯНАЛТЫН ТОО ТОДОРХОЙЛОГЧ | |
| Код | MN-UlNUM |
| 005 - БИЧИЛТ ХИЙСЭН ОГНОО | |
| Тухайн бичилтийг бичсэн засварласан сүүлийн огноо | 20251106110124.0 |
| 008 - ЕРӨНХИЙ МЭДЭЭЛЭЛ | |
| Ерөнхий мэдээлэл | 251106s2003 njuab||| |||| 001 0 eng d |
| 020 ## - ISBN | |
| ISBN | 0471268070 |
| 040 ## - БИЧЛЭГ ҮҮСГЭГЧ БАЙГУУЛЛАГА | |
| Бичлэг үүсгэгч номын сангийн код | МУИС-ийн номын сан |
| 084 ## - ББК АНГИЛАЛ | |
| Нэмэлт тусгалт | Гарын авлага |
| ББК ангилал | 65.290-2 |
| Зохиогчийн гурван тэмдэгт | G 14 |
| Мэдлэгийн ялгаа | 65 - Эдийн засаг |
| 100 1# - ЗОХИОГЧ | |
| Зохиогчийн нэр | Gaines-Ross, Leslie. |
| 245 10 - ҮНДСЭН ГАРЧИГ | |
| Номын нэр | CEO capital |
| Бага гарчгийн мэдээ | a guide to building CEO reputation and company success |
| Оролцогчдын тухай мэдээ | Leslie Gaines-Ross. |
| 260 ## - ГАРАЛТЫН МЭДЭЭ | |
| Хэвлэгдсэн газар | Hoboken, New Jersy |
| Хэвлэлийн газар | Wiley, |
| Хэвлэгдсэн он | 2003. |
| 300 ## - МАТЕРИАЛЫН ТОДОРХОЙЛОЛТ | |
| хуудасны тоо | xxi, 266 p. : |
| Бусад тоон мэдээлэл | ill. ; |
| Хэмжээ | 24 cm. |
| 500 ## - Тайлбар | |
| Дансны дугаар | БС 1930-1931 |
| 546 ## - ХЭЛНИЙ ТУХАЙ МЭДЭЭ | |
| Хэл | Англи хэл дээр, |
| 653 ## - Түлхүүр үг | |
| Түлхүүр үг | Chief executive officers $x Conduct of life. |
| 653 ## - Түлхүүр үг | |
| Түлхүүр үг | Corporate image. |
| 653 ## - Түлхүүр үг | |
| Түлхүүр үг | Executive ability. |
| 740 ## - НОМЫН ГАРЧИГ | |
| Гарчиг | The CEO Effect |
| 740 ## - НОМЫН ГАРЧИГ | |
| Гарчиг | CEO Reputation: A Capital Investment |
| 740 ## - НОМЫН ГАРЧИГ | |
| Гарчиг | How CEO Capital Is Built |
| 740 ## - НОМЫН ГАРЧИГ | |
| Гарчиг | The Countdown: Beware the Two-Headed Monster |
| 942 ## - ЭЛЕМЕНТИЙН ТӨРӨЛ | |
| Зүйлийн төрөл | Ном |
